000 00375nam a2200121Ia 4500
008 220204s9999 xx 000 0 und d
082 _a630(595):061.3
_bAPP
245 0 _aMalaysian forestry and forest research products research: Proceedings of the conference October, 3-4, 1990
260 _aMalaysia
_bFRIM
_c1991
650 _aGenetic resources
700 _aS
942 _cBK
999 _c43647
_d43647